Sivý vrch

Zobrazenie: Štyri zasnežené čiastkové pohľady, každý v bielom orámovaní, všetky spolu v zelenom orámovaní. Uprostred dole je medzi pohľadmi ornament s vyobrazením hôr a slnkom nad nimi, s nápisom "Roháče" pod ním. Pohľad nadolinu medzi horami v pozadí, riedky les. Pohľad na rekreačné stred...

Full description

Bibliographic Details
Format: Photo
Language:Slovak
PhysicalDescription:1 pohľadnica (4 čiastkové pohľady) farebná 11 x 15 cm
Published: Bratislava ČSTK-Pressfoto 1976
Subjects:

MARC

LEADER 00000ckm a2200000 a 4500
001 vtls001329043
003 SK-MaSNL
005 20260301200406.0
007 kf co
008 231121s1976 xo g 0kuslo
015 |a SNBG1976 
035 |a SNK000281880 
035 |a urn:nbn:sk:snk-km45v5l 
035 |a F6BA8412-B782-42A2-92D5-6D1C444267B5 
035 |a urn:nbn:sk:snk-km00fak9 
040 |a SNK  |b slo  |c SNK  |e AACR2 
041 0 |a slo 
043 |a e-xo--- 
044 |a xo  |c SK 
072 7 |a 908(437)  |x Vlastiveda Česka a Slovenska  |2 konspekt 
080 |a 908(437.6)  |2 2011 
080 |a 728.5  |2 2011 
080 |a 633.2.03  |2 2011 
080 |a 630*10  |2 2011 
080 |a 551.4.036  |2 2011 
080 |a 551.24.055  |2 2011 
080 |a 365:379.83  |2 2011 
080 |a 069:72.031.4  |2 2011 
080 |a (084.121)  |2 2011 
080 |a 911.2(23.0)  |2 2011 
080 |a 911.2(23.046)  |2 2011 
245 0 0 |a Sivý vrch  |h grafika 
246 3 1 |a Brestová-Rekreačné stredisko VŠD v Žiline 
246 3 1 |a Roháče, centrálna časť 
246 3 1 |a Múzeum oravskej dediny - Brestová 
260 |a Bratislava  |b ČSTK-Pressfoto  |c 1976  |e Skalica  |f Grafobal 
300 |a 1 pohľadnica (4 čiastkové pohľady)  |b farebná  |c 11 x 15 cm 
500 |a Na adresnej časti uvedené: "Pre Slovakotour, cestovnú informačnú kanceláriu okresnej správy cestovného ruchu Dolný Kubín, vydalo Pressfoto Bratislava." 
520 8 |a Zobrazenie: Štyri zasnežené čiastkové pohľady, každý v bielom orámovaní, všetky spolu v zelenom orámovaní. Uprostred dole je medzi pohľadmi ornament s vyobrazením hôr a slnkom nad nimi, s nápisom "Roháče" pod ním. Pohľad nadolinu medzi horami v pozadí, riedky les. Pohľad na rekreačné stredisko VŠD v Žiline, vľavo je vidno časť drevenej chatky, vpravo sú ďalšie nízke stavby a medzi nimi zaparkované autá. V pozadí je hustý ihličnatý les. Pohľad na vrcholy zasnežených hôr, pod nimi hustý ihličnatý les. Pohľad na horskú chatu v pozadí, vľavo v popredí je drevený plot, vpravo je zasnežená lúka. Vľavo v pozadí je vidno hustý ihličnatý les. v pozadí vidno hory 
610 2 7 |a Múzeum oravskej dediny (Brestová, Zuberec, Slovensko)  |2 SNKKA  |9 33137 
650 0 7 |a hory  |2 SNKPH  |9 55651 
650 0 7 |a doliny  |2 SNKPH  |9 256361 
650 0 7 |a vrchy a štíty  |2 SNKPH  |9 165131 
650 0 7 |a lúky  |2 SNKPH  |9 3676 
650 0 7 |a lesy  |2 SNKPH  |9 1437 
650 0 7 |a horské chaty  |2 SNKPH  |9 98865 
650 0 7 |a rekreačné strediská  |2 SNKPH  |9 75706 
650 0 7 |a skanzeny  |2 SNKPH  |9 43922 
651 7 |a Roháče (Západné Tatry, Slovensko : pohorie)  |2 SNKPHgeo  |9 74675 
655 7 |a geografické pohľadnice  |2 SNKPH  |9 70522 
852 |a Slovenská národná knižnica 
958 |a GBN 
958 |a GC 
958 |a OND 
958 |a EUIPO 
999 |c 890276  |d 892206 
952 |t P60, <03>, [BOOK], {603}  |a SNK  |b SNK  |y PREZ  |7 0  |p 17A0136304  |o snkSP 88404  |0 0  |1 0  |4 0  |d 1998-04-24  |f 1  |l 0  |r 2005-01-02 00:00:00  |w 2026-02-24 
952 |a SNK  |b SNK  |y PREZ  |7 0  |p 17A1290172  |o snkSP 88404 D1  |i snkPV 651/98  |0 0  |1 0  |4 0  |d 2020-10-12  |l 0  |r 2026-02-24 06:42:21  |w 2026-02-24